01953nam a22001457a 450000500170000000800410001705000290005824000230008724513550011024601930146525000120165826000420167030000220171265100730173420250616084927.0250306b mx |||||||| |||| 00| 0 spa d04aKGF2983.A312022bA4 202310aLeyes y códigos 00aLegislación federal de migración, Ley de migración, Reglamento de la ley de migración, Constitución Política de los Estados Unidos Mexicanos, Ley de nacionalidad, Ley sobre refugiados, protección complementaria y asilo político, Reglamento de la ley sobre refugiados y protección complementaria, Ley general de turismo, Reglamento de la ley general de turismo, Ley de asistencia social, ley de extradición internacional, Reglamento interno de la comisión intersecretarial de derecho internacional humanitario, Lineamientos para trámites y procedimientos migratorios, Convención sobre la condición de los extranjeros, Conferencia de las naciones unidas sobre el estatuto de los apatridas, Conención sobre asilo, Convención sobre asilo político, Convención sobre asilo diplomático, Convención sobre asilo territorial, Convención sobre el estatuto de los refugiados, Protocolo contra el tráfico ilícito de migrantes por tierra, mar y aire, que complementa la convención de las naciones unidas contra la delincuencia organizada transnacional, Lineamientos en materia de protección a migrantes del instituto nacional de migración, Acuerdo entre los estados unidos mexicanos y la organización internacional para las migraciones relativo al establecimiento en México de una oficina de representación14aLegislación federal de migraciónb : Pacto mundial para la migración segura, ordenada y regular en español e inglés (Web app) : Guía: la migración en la agenda 2030 (Web app) a1a ed.  aMéxico :bGallardo Ediciones,c2023 a508 p. ; c21 cm. 72lembaMéxicoxEmigración e inmigración xLeyes y legislación